[Event "21st Capablanca Memorial group B"]
[Site "Havana CUB"]
[Date "1986.05.26"]
[Round "6"]
[White "Hernandez Onna, Roman"]
[Black "Garcia, Gildardo"]
[Result "1/2-1/2"]
[WhiteElo "2430"]
[BlackElo "2400"]
[EventDate "1986.05.20"]
[PlyCount "189"]

1.Nf3 d5 2.g3 Bg4 3.Bg2 c6 4.b3 Nd7 5.Bb2 Ngf6 6.c4 e6 7.O-O Be7 8.d3 O-O 
9.a3 a5 10.Nc3 Bxf3 11.Bxf3 d4 12.Nb1 Qb6 13.Nd2 Rfd8 14.Qc2 Nc5 15.Rab1 
Na6 16.Rfe1 Nd7 17.Bg2 e5 18.e3 dxe3 19.fxe3 Bc5 20.Nf1 Re8 21.Qc3 Nf6 22.
d4 Bf8 23.Nd2 Rad8 24.Nf3 Ne4 25.Qc2 exd4 26.exd4 f5 27.Bf1 c5 28.d5 Bd6 
29.Bd3 Nc7 30.Bxe4 fxe4 31.Rxe4 Rxe4 32.Qxe4 Re8 33.Qd3 Re7 34.Ng5 g6 35.
Ne4 Be5 36.d6 Bxb2 37.Rxb2 Rxe4 38.dxc7 Re1+ 39.Kf2 Re8 40.c8=Q Rxc8 41.
Qd5+ Kg7 42.Qd7+ Kh6 43.Qxc8 Qf6+ 44.Kg1 Qxb2 45.Qf8+ Kh5 46.Qxc5+ g5 47.
Qf5 Qxb3 48.Qxh7+ Kg4 49.Qd7+ Kh5 50.Qh7+ Kg4 51.Qe4+ Kh5 52.Kg2 Kh6 53.
Qe6+ Kg7 54.Qd5 Qb2+ 55.Kh3 Kh6 56.Qe6+ Kg7 57.Kg4 Qxh2 58.Qe7+ Kh8 59.
Qf8+ Kh7 60.Qf7+ Kh6 61.Qf6+ Kh7 62.Qe7+ Kh8 63.Qe5+ Kh7 64.Qc7+ Kg6 65.
Qb6+ Kf7 66.Qxb7+ Kf6 67.Qc6+ Ke7 68.Qc5+ Kd7 69.Qf5+ Ke8 70.Qe5+ Kd7 71.
c5 a4 72.Qd6+ Kc8 73.Qe6+ Kc7 74.Qd6+ Kc8 75.Qa6+ Kc7 76.Qb6+ Kc8 77.Qe6+ 
Kc7 78.c6 Kb6 79.Qd6 Qe2+ 80.Kf5 Qb5+ 81.Kg4 Qxc6 82.Qd4+ Ka6 83.Qd3+ Kb6 
84.Qd8+ Kb5 85.Qb8+ Qb6 86.Qxb6+ Kxb6 87.Kxg5 Kc5 88.Kf4 Kc4 89.Ke4 Kb3 
90.Kd3 Kxa3 91.Kc3 Ka2 92.g4 a3 93.Kc2 Ka1 94.g5 a2 95.g6 1/2-1/2

[Event "21st Capablanca Memorial group B"]
[Site "Havana CUB"]
[Date "1986.05.26"]
[Round "6"]
[White "Moran Nuque, Bernardo"]
[Black "Pigusov, Evgeny"]
[Result "0-1"]
[WhiteElo "2420"]
[BlackElo "2495"]
[EventDate "1986.05.20"]
[PlyCount "70"]

1.d4 Nf6 2.c4 c5 3.d5 e6 4.Nc3 exd5 5.cxd5 d6 6.Nf3 g6 7.g3 Bg7 8.Bg2 O-O 
9.O-O a6 10.a4 Nbd7 11.h3 Rb8 12.Bf4 Qe7 13.Rb1 Re8 14.Re1 Nh5 15.Bg5 Qf8 
16.g4 Nhf6 17.Qc1 h5 18.Qf4 hxg4 19.hxg4 b5 20.axb5 axb5 21.e4 Nh7 22.Bh4 
Ne5 23.Nxe5 Bxe5 24.Qf3 Qh6 25.Bg3 Ng5 26.Qe3 Bd4 27.Qe2 Nh3+ 28.Bxh3 Qxh3
29.Bxd6 Bxg4 30.Qf1 Qh5 31.Qg2 Rb6 32.Bc7 Rb7 33.Bd6 b4 34.Na4 Bf3 35.Qh2 
Qg4+ 0-1

[Event "21st Capablanca Memorial group B"]
[Site "Havana CUB"]
[Date "1986.05.26"]
[Round "6"]
[White "Otero, Evelio"]
[Black "Vera Gonzalez, Reynaldo"]
[Result "1/2-1/2"]
[WhiteElo "2390"]
[BlackElo "2455"]
[EventDate "1986.05.20"]
[PlyCount "72"]

1.Nf3 Nf6 2.b3 d5 3.Bb2 Bg4 4.e3 Nbd7 5.c4 e6 6.Be2 c6 7.h3 Bh5 8.Nc3 Bd6 
9.g4 Bg6 10.Nh4 O-O 11.Nxg6 fxg6 12.g5 Ne4 13.Nxe4 dxe4 14.h4 Be5 15.Bxe5 
Nxe5 16.Qc2 Nd3+ 17.Bxd3 exd3 18.Qc3 Qd7 19.f4 e5 20.O-O-O exf4 21.exf4 
Rxf4 22.Rde1 b5 23.cxb5 cxb5 24.Kb1 Rc8 25.Re7 Qxe7 26.Qxc8+ Rf8 27.Qc3 
Qe4 28.Rh3 Rd8 29.b4 Kh8 30.Kb2 a6 31.a3 Qe2 32.Rg3 Qe4 33.Rh3 Kg8 34.Qb3+
Rd5 35.Re3 Qd4+ 36.Qc3 Rd8 1/2-1/2

[Event "21st Capablanca Memorial group B"]
[Site "Havana CUB"]
[Date "1986.05.26"]
[Round "6"]
[White "Pecorelli Garcia, Humberto"]
[Black "Pinal Borges, Nelson"]
[Result "1/2-1/2"]
[WhiteElo "2420"]
[BlackElo "2390"]
[EventDate "1986.05.20"]
[PlyCount "41"]

1.Nf3 d5 2.b3 Bg4 3.e3 Nf6 4.Bb2 e6 5.Be2 Bd6 6.d4 Nbd7 7.Nbd2 O-O 8.Ne5 
Bxe2 9.Qxe2 Qe7 10.O-O c6 11.a4 Ne8 12.a5 a6 13.e4 f5 14.Nxd7 Qxd7 15.e5 
Be7 16.Ba3 Bxa3 17.Rxa3 Nc7 18.b4 Qe7 19.Rb1 Nb5 20.Rd3 Rfb8 21.c3 1/2-1/2

[Event "21st Capablanca Memorial group B"]
[Site "Havana CUB"]
[Date "1986.05.27"]
[Round "7"]
[White "Garcia, Gildardo"]
[Black "Vilela de Acuna, Jose Luis"]
[Result "1/2-1/2"]
[WhiteElo "2400"]
[BlackElo "2410"]
[EventDate "1986.05.20"]
[PlyCount "66"]

1.e4 e6 2.d4 d5 3.Nc3 Bb4 4.e5 Ne7 5.Nf3 c5 6.a3 Bxc3+ 7.bxc3 Qa5 8.Bd2 
Nbc6 9.Be2 Bd7 10.O-O Qc7 11.Re1 f6 12.Bd3 c4 13.Bf1 O-O-O 14.g3 Rde8 15.
Bg2 h6 16.a4 Nd8 17.Bc1 f5 18.Ba3 g5 19.Bd6 Qa5 20.Bb4 Qc7 21.Qe2 Nf7 22.
Reb1 Bc6 23.Bc5 Kb8 24.Rb4 Nc8 25.a5 g4 26.Nd2 h5 27.Rab1 Nd8 28.Ra1 h4 
29.Qe3 hxg3 30.hxg3 Qh7 31.Nf1 Qh6 32.Rab1 Qxe3 33.Nxe3 Rh7 1/2-1/2

[Event "21st Capablanca Memorial group B"]
[Site "Havana CUB"]
[Date "1986.05.27"]
[Round "7"]
[White "Pigusov, Evgeny"]
[Black "Lukacs, Peter"]
[Result "1/2-1/2"]
[WhiteElo "2495"]
[BlackElo "2460"]
[EventDate "1986.05.20"]
[PlyCount "26"]

1.c4 Nf6 2.Nf3 c6 3.g3 d5 4.b3 Bg4 5.Bg2 e6 6.O-O Nbd7 7.Bb2 Bd6 8.d4 O-O 
9.Nbd2 Qe7 10.a3 e5 11.cxd5 cxd5 12.dxe5 Nxe5 13.h3 Bh5 1/2-1/2

[Event "21st Capablanca Memorial group B"]
[Site "Havana CUB"]
[Date "1986.05.27"]
[Round "7"]
[White "Vera Gonzalez, Reynaldo"]
[Black "Moran Nuque, Bernardo"]
[Result "1-0"]
[WhiteElo "2455"]
[BlackElo "2420"]
[EventDate "1986.05.20"]
[PlyCount "62"]

1.d4 Nf6 2.Nf3 e6 3.g3 d5 4.Bg2 Be7 5.c4 dxc4 6.O-O O-O 7.Qc2 a6 8.Qxc4 b5
9.Qc2 Bb7 10.Bf4 Nc6 11.Nbd2 Nd5 12.Nb3 Nxf4 13.gxf4 Nb4 14.Qc3 Bd6 15.e3 
Be4 16.Nc5 Nd5 17.Qc1 Bxf3 18.Bxf3 Qh4 19.Ne4 g5 20.Nxd6 cxd6 21.Qc6 Rac8 
22.Qxd6 gxf4 23.Kh1 Ne7 24.d5 Rfd8 25.Qxa6 Rc2 26.Qb6 Nf5 27.dxe6 Ng3+ 28.
Kg2 Nxf1 29.Rxf1 fxe3 30.Qxe3 Rxb2 31.Kh1 Kf8 1-0

[Event "21st Capablanca Memorial group B"]
[Site "Havana CUB"]
[Date "1986.05.27"]
[Round "7"]
[White "Verduga Zavala, Denis Homero"]
[Black "Pecorelli Garcia, Humberto"]
[Result "1-0"]
[WhiteElo "2425"]
[BlackElo "2420"]
[EventDate "1986.05.20"]
[PlyCount "65"]

1.e4 e6 2.d4 d5 3.Nd2 Nc6 4.Ngf3 Nf6 5.e5 Nd7 6.c4 dxc4 7.Nxc4 Nb6 8.a3 
Bd7 9.Be3 Nd5 10.Bd3 h6 11.Rc1 a5 12.Be4 Nce7 13.Bd2 a4 14.O-O Bb5 15.Re1 
Qd7 16.h3 Rd8 17.Qc2 Nc6 18.Ne3 Nf4 19.Bc3 Ne7 20.Bb4 c6 21.Nc4 Nc8 22.Ba5
Be7 23.Bxd8 Bxd8 24.Ne3 g5 25.Rcd1 h5 26.d5 cxd5 27.Nxd5 exd5 28.e6 fxe6 
29.Bxd5 Nxd5 30.Ne5 Qg7 31.Qxc8 Qe7 32.Ng6 Bd7 33.Qxb7 1-0

[Event "21st Capablanca Memorial group B"]
[Site "Havana CUB"]
[Date "1986.05.28"]
[Round "8"]
[White "Garcia Martinez, Silvino"]
[Black "Pigusov, Evgeny"]
[Result "0-1"]
[WhiteElo "2455"]
[BlackElo "2495"]
[EventDate "1986.05.20"]
[PlyCount "58"]

1.e4 c5 2.Nf3 d6 3.d4 cxd4 4.Nxd4 Nf6 5.Nc3 a6 6.Bc4 e6 7.Bb3 b5 8.Bg5 Be7
9.Qf3 Qc7 10.O-O-O O-O 11.Rhe1 Nbd7 12.Qg3 Nc5 13.Bh6 Ne8 14.Bd5 b4 15.
Ncb5 axb5 16.Bxa8 Bd7 17.e5 dxe5 18.Nf3 f6 19.Kb1 Kh8 20.Bd2 Nd6 21.Nxe5 
fxe5 22.Bf3 Bf6 23.Bxb4 Rc8 24.c3 Be8 25.Bg4 Bg6+ 26.Ka1 Ra8 27.Bxe6 Nxe6 
28.Rxd6 Qc4 29.a3 Nd4 0-1

[Event "21st Capablanca Memorial group B"]
[Site "Havana CUB"]
[Date "1986.05.28"]
[Round "8"]
[White "Moran Nuque, Bernardo"]
[Black "Lukacs, Peter"]
[Result "0-1"]
[WhiteElo "2420"]
[BlackElo "2460"]
[EventDate "1986.05.20"]
[PlyCount "46"]

1.d4 Nf6 2.c4 e6 3.Nf3 d5 4.Bg5 dxc4 5.Nc3 c6 6.e4 b5 7.e5 h6 8.Bh4 g5 9.
Nxg5 hxg5 10.Bxg5 Nbd7 11.exf6 Bb7 12.g3 c5 13.d5 Qb6 14.Bg2 b4 15.Na4 Qa6
16.O-O Bxd5 17.Bf4 Qc6 18.Bxd5 Qxd5 19.Qxd5 exd5 20.Rad1 d4 21.Bc7 Nxf6 
22.Be5 Rh6 23.Rfe1 O-O-O 0-1

[Event "21st Capablanca Memorial group B"]
[Site "Havana CUB"]
[Date "1986.05.28"]
[Round "8"]
[White "Otero, Evelio"]
[Black "Garcia, Gildardo"]
[Result "1/2-1/2"]
[WhiteElo "2390"]
[BlackElo "2400"]
[EventDate "1986.05.20"]
[PlyCount "103"]

1.d4 d5 2.Nf3 Nf6 3.c4 e6 4.Nc3 Be7 5.Bg5 h6 6.Bh4 O-O 7.e3 b6 8.Qb3 Bb7 
9.Bxf6 Bxf6 10.cxd5 exd5 11.Rd1 Re8 12.Be2 c6 13.O-O Nd7 14.a3 Nf8 15.Rfe1
Ne6 16.Bd3 Rc8 17.Bb1 g6 18.Ba2 Bg7 19.Qa4 Qc7 20.b4 Rcd8 21.Qc2 Qd6 22.
Bb3 Re7 23.Qa2 Kh7 24.h4 a6 25.h5 g5 26.Ne2 Bc8 27.Ng3 Nf8 28.Bc2+ Kg8 29.
Bf5 Be6 30.Rc1 Rc7 31.Qc2 Rdc8 32.Qe2 c5 33.Bxe6 fxe6 34.Qxa6 cxb4 35.Rxc7
Rxc7 36.axb4 Qxb4 37.Qa2 b5 38.Rb1 Qa4 39.Qb2 Rb7 40.Ra1 Qc4 41.Nd2 Qc7 
42.Nb3 Nd7 43.Rc1 Qd8 44.Rc6 Qe8 45.Qc2 Rb8 46.Rc7 Nf6 47.Qc5 Bf8 48.Qa7 
b4 49.Qa6 Ra8 50.Qb6 Rb8 51.Qa6 Ra8 52.Qb6 1/2-1/2

[Event "21st Capablanca Memorial group B"]
[Site "Havana CUB"]
[Date "1986.05.28"]
[Round "8"]
[White "Vera Gonzalez, Reynaldo"]
[Black "Bellon Lopez, Juan Manuel"]
[Result "1/2-1/2"]
[WhiteElo "2455"]
[BlackElo "2430"]
[EventDate "1986.05.20"]
[PlyCount "105"]

1.d4 Nf6 2.Nf3 c5 3.d5 b5 4.g3 Bb7 5.c4 g6 6.Bg2 Bg7 7.O-O O-O 8.Nfd2 d6 
9.Nc3 b4 10.Nce4 Nbd7 11.Nxf6+ Nxf6 12.e4 Qc7 13.f4 Nd7 14.Qc2 e6 15.dxe6 
fxe6 16.Nf3 Rae8 17.Bd2 Nb8 18.Rad1 Nc6 19.Be3 e5 20.f5 Nd4 21.Bxd4 exd4 
22.Ng5 Rf6 23.Ne6 Rfxe6 24.fxe6 Rxe6 25.Rde1 Bh6 26.Qd3 Qe7 27.Re2 Be3+ 
28.Rxe3 dxe3 29.Qxe3 Kg7 30.Re1 Qf6 31.b3 a5 32.Qd3 Qb2 33.Qe2 Qxe2 34.
Rxe2 Bc6 35.Kf2 a4 36.Ke3 a3 37.Rf2 Re8 38.Rd2 Re6 39.Rf2 d5 40.cxd5 Bxd5 
41.Kd3 Bb7 42.Kc4 Re5 43.Kb5 h5 44.Kb6 Ba8 45.Rc2 Re6+ 46.Kb5 Bxe4 47.Bxe4
Rxe4 48.Kxc5 g5 49.Rc4 Re2 50.h4 Rxa2 51.Kxb4 Rg2 52.Kxa3 Rxg3 53.hxg5 
1/2-1/2

[Event "21st Capablanca Memorial group B"]
[Site "Havana CUB"]
[Date "1986.05.28"]
[Round "8"]
[White "Vilela de Acuna, Jose Luis"]
[Black "Pinal Borges, Nelson"]
[Result "1/2-1/2"]
[WhiteElo "2410"]
[BlackElo "2390"]
[EventDate "1986.05.20"]
[PlyCount "43"]

1.d4 Nf6 2.c4 g6 3.Nc3 Bg7 4.e4 d6 5.f3 O-O 6.Be3 a6 7.Bd3 c5 8.dxc5 dxc5 
9.e5 Ne8 10.f4 f6 11.Nf3 Nc6 12.Be4 Qxd1+ 13.Rxd1 fxe5 14.Bd5+ Kh8 15.Bxc6
bxc6 16.fxe5 Bg4 17.O-O Bxf3 18.Rxf3 Rxf3 19.gxf3 Bxe5 20.Bxc5 Nd6 21.Re1 
Bf6 22.Ne4 1/2-1/2

[Event "21st Capablanca Memorial group B"]
[Site "Havana CUB"]
[Date "1986.05.31"]
[Round "9"]
[White "Bellon Lopez, Juan Manuel"]
[Black "Moran Nuque, Bernardo"]
[Result "1-0"]
[WhiteElo "2430"]
[BlackElo "2420"]
[EventDate "1986.05.20"]
[PlyCount "51"]

1.d4 d5 2.c4 dxc4 3.Nf3 Nf6 4.Nc3 c5 5.d5 e6 6.e4 exd5 7.e5 Nfd7 8.Bg5 Be7
9.Bxe7 Qxe7 10.Nxd5 Qd8 11.Bxc4 Nc6 12.O-O Nb6 13.Nxb6 Qxd1 14.Raxd1 axb6 
15.Ng5 O-O 16.f4 Ra4 17.Bd5 Nd4 18.Rd2 h6 19.b3 Rb4 20.Ne4 Nf5 21.Re1 Ne7 
22.Bc4 Be6 23.a3 Rxc4 24.bxc4 Bxc4 25.Rd7 Nd5 26.Nd2 1-0

[Event "21st Capablanca Memorial group B"]
[Site "Havana CUB"]
[Date "1986.05.31"]
[Round "9"]
[White "Garcia, Gildardo"]
[Black "Vera Gonzalez, Reynaldo"]
[Result "1/2-1/2"]
[WhiteElo "2400"]
[BlackElo "2455"]
[EventDate "1986.05.20"]
[PlyCount "111"]

1.e4 c5 2.Nf3 d6 3.d4 cxd4 4.Nxd4 Nf6 5.Nc3 a6 6.f4 Nbd7 7.Nf3 e5 8.a4 Be7
9.Bc4 O-O 10.Qe2 Qa5 11.O-O b5 12.Ba2 bxa4 13.Kh1 Bb7 14.Nh4 Qb4 15.Nf5 
Bd8 16.Bc4 Bc6 17.Bd2 Qb8 18.Qd3 exf4 19.Bxf4 Ne5 20.Bxe5 dxe5 21.Rad1 Ra7
22.Qg3 g6 23.Rd6 Bb5 24.Nxb5 axb5 25.Ba2 Nxe4 26.Qxe5 gxf5 27.Rg6+ hxg6 
28.Qxb8 Re7 29.Qxb5 Kg7 30.Bd5 Re5 31.Qd3 Nf6 32.Bf3 Rfe8 33.h3 Nh7 34.g4 
Re3 35.Qc4 Ng5 36.Bg2 Nxh3 37.gxf5 Ng5 38.f6+ Bxf6 39.Rxf6 Kxf6 40.Qf4+ 
Kg7 41.Qxg5 Re1+ 42.Kh2 R1e2 43.c4 R8e5 44.Qf4 Rh5+ 45.Kg1 Rf5 46.Qd4+ Kh7
47.Qd3 Rxb2 48.Be4 Rff2 49.c5 Rfd2 50.Qf1 Kg7 51.c6 a3 52.Qc1 a2 53.c7 
Rg2+ 54.Kh1 Rh2+ 55.Kg1 Rhg2+ 56.Kh1 1/2-1/2

[Event "21st Capablanca Memorial group B"]
[Site "Havana CUB"]
[Date "1986.05.31"]
[Round "9"]
[White "Pigusov, Evgeny"]
[Black "Pecorelli Garcia, Humberto"]
[Result "1/2-1/2"]
[WhiteElo "2495"]
[BlackElo "2420"]
[EventDate "1986.05.20"]
[PlyCount "93"]

1.Nf3 Nf6 2.g3 g6 3.Bg2 Bg7 4.d4 d6 5.c4 O-O 6.O-O c6 7.Nc3 Qa5 8.h3 Be6 
9.d5 cxd5 10.Nd4 Bd7 11.Nb3 Qb4 12.cxd5 Ba4 13.Qd4 Qxd4 14.Nxd4 Bd7 15.Be3
Na6 16.Rfc1 Rfc8 17.Nb3 Rc7 18.Na5 Kf8 19.Bd4 Ne8 20.Bxg7+ Kxg7 21.Kf1 
Rac8 22.Ke1 Nc5 23.Kd2 Na4 24.Nd1 Rxc1 25.Rxc1 Rb8 26.b3 Nc5 27.Nc3 g5 28.
f4 gxf4 29.gxf4 f5 30.e3 Kf7 31.b4 Na6 32.a3 Nac7 33.e4 fxe4 34.Nxe4 h6 
35.Bf3 Nxd5 36.Nxd6+ Nxd6 37.Bxd5+ Be6 38.Bf3 Rd8 39.Ke2 Rd7 40.Bg4 Kf6 
41.Nb3 Bxg4+ 42.hxg4 e5 43.Rd1 exf4 44.Kf3 Nc4 45.Rxd7 Ne5+ 46.Kxf4 Nxd7 
47.Nd4 1/2-1/2

[Event "21st Capablanca Memorial group B"]
[Site "Havana CUB"]
[Date "1986.05.31"]
[Round "9"]
[White "Pinal Borges, Nelson"]
[Black "Otero, Evelio"]
[Result "1/2-1/2"]
[WhiteElo "2390"]
[BlackElo "2390"]
[EventDate "1986.05.20"]
[PlyCount "114"]

1.e4 c5 2.c3 d6 3.d4 Nf6 4.dxc5 Nc6 5.f3 dxc5 6.Qxd8+ Nxd8 7.Na3 Bd7 8.Be3
Rc8 9.Rd1 e6 10.Nh3 Be7 11.Nf4 O-O 12.Nc4 Rc7 13.Be2 Bb5 14.Ne5 Bxe2 15.
Kxe2 b6 16.g4 h6 17.h4 Nh7 18.Ng2 Re8 19.Rd2 Nb7 20.Rhd1 Rd8 21.Rxd8+ Nxd8
22.Bf4 Rb7 23.a4 Nf8 24.h5 f6 25.Ng6 Nxg6 26.hxg6 e5 27.Be3 c4 28.Nh4 Ne6 
29.Nf5 Bc5 30.Nd6 Rd7 31.Nxc4 Rxd1 32.Kxd1 Bxe3 33.Nxe3 Nf4 34.b4 Nxg6 35.
c4 Ne7 36.Ke2 g6 37.c5 bxc5 38.bxc5 Kf7 39.Kd3 Ke6 40.Kc4 h5 41.gxh5 gxh5 
42.Kb5 Kd7 43.a5 Kc7 44.Ka6 Kb8 45.Nd5 Ng8 46.Kb5 h4 47.Kc6 Kc8 48.Ne3 h3 
49.Nf1 Nh6 50.Kd6 f5 51.Kxe5 fxe4 52.Kxe4 Kc7 53.Kd5 Nf5 54.Nh2 Ne3+ 55.
Kd4 Ng2 56.Kd5 Ne3+ 57.Kd4 Ng2 1/2-1/2

[Event "21st Capablanca Memorial group B"]
[Site "Havana CUB"]
[Date "1986.05.31"]
[Round "9"]
[White "Verduga Zavala, Denis Homero"]
[Black "Vilela de Acuna, Jose Luis"]
[Result "1/2-1/2"]
[WhiteElo "2425"]
[BlackElo "2410"]
[EventDate "1986.05.20"]
[PlyCount "38"]

1.Nf3 Nf6 2.c4 e6 3.g3 d5 4.d4 dxc4 5.Qa4+ Nbd7 6.Bg2 a6 7.Nc3 Rb8 8.Qxc4 
b5 9.Qd3 Bb7 10.O-O c5 11.Bf4 Rc8 12.dxc5 Bxc5 13.Rad1 O-O 14.Ng5 Bxg2 15.
Kxg2 Qb6 16.Nce4 h6 17.Nf3 Nxe4 18.Qxe4 Nf6 19.Qb1 Rfd8 1/2-1/2

[Event "21st Capablanca Memorial group B"]
[Site "Havana CUB"]
[Date "1986.06.01"]
[Round "10"]
[White "Bellon Lopez, Juan Manuel"]
[Black "Garcia, Gildardo"]
[Result "0-1"]
[WhiteElo "2430"]
[BlackElo "2400"]
[EventDate "1986.05.20"]
[PlyCount "112"]

1.d4 d5 2.c4 e6 3.Nf3 Nf6 4.g3 c5 5.cxd5 exd5 6.Bg2 Nc6 7.O-O Be7 8.Nc3 
O-O 9.dxc5 Bxc5 10.Bg5 d4 11.Na4 Be7 12.Rc1 Be6 13.a3 Bd5 14.Nc5 b6 15.Nb3
h6 16.Bf4 g5 17.Bc7 Qxc7 18.Nfxd4 Bxg2 19.Kxg2 Bc5 20.Nxc5 Nxd4 21.Qxd4 
Qc6+ 22.Kg1 bxc5 23.Rxc5 Qb6 24.b4 Rfe8 25.Qc4 Qe6 26.Qxe6 Rxe6 27.e3 Rd8 
28.Rfc1 Kg7 29.a4 Ne4 30.Rc7 Rd2 31.R1c2 Rd1+ 32.Kg2 a6 33.h3 Rb1 34.R7c4 
Nf6 35.Rd4 Rb6 36.Rcc4 Rb2 37.a5 Rb5 38.e4 g4 39.Rc5 R5xb4 40.Rxb4 Rxb4 
41.hxg4 Nxe4 42.Rc6 Rb2 43.Kf3 Nxf2 44.Rxa6 Nd3 45.Rd6 Ne5+ 46.Kf4 Nc4 47.
Rd5 Rf2+ 48.Ke4 Ra2 49.g5 h5 50.g4 h4 51.g6 fxg6 52.Rc5 Nxa5 53.g5 h3 54.
Rc7+ Kg8 55.Rc8+ Kf7 56.Rc7+ Ke6 0-1

[Event "21st Capablanca Memorial group B"]
[Site "Havana CUB"]
[Date "1986.06.01"]
[Round "10"]
[White "Hernandez Onna, Roman"]
[Black "Pigusov, Evgeny"]
[Result "1/2-1/2"]
[WhiteElo "2430"]
[BlackElo "2495"]
[EventDate "1986.05.20"]
[PlyCount "48"]

1.d4 Nf6 2.Nf3 e6 3.c4 d5 4.Nc3 Be7 5.Bg5 h6 6.Bh4 O-O 7.e3 b6 8.Be2 Bb7 
9.Bxf6 Bxf6 10.cxd5 exd5 11.Qb3 Re8 12.O-O c6 13.Rfd1 Nd7 14.Rac1 Nf8 15.
Rd2 Re7 16.Qd1 Qd6 17.a3 g6 18.Qf1 Rd8 19.Ba6 Ba8 20.b4 Bg7 21.Rdc2 Ne6 
22.Na4 Rc7 23.Bd3 Bb7 24.Ba6 Ba8 1/2-1/2

[Event "21st Capablanca Memorial group B"]
[Site "Havana CUB"]
[Date "1986.06.01"]
[Round "10"]
[White "Moran Nuque, Bernardo"]
[Black "Garcia Martinez, Silvino"]
[Result "1/2-1/2"]
[WhiteElo "2420"]
[BlackElo "2455"]
[EventDate "1986.05.20"]
[PlyCount "23"]

1.d4 Nf6 2.c4 g6 3.Nc3 Bg7 4.e4 d6 5.Nf3 O-O 6.Be2 e5 7.O-O Nc6 8.d5 Ne7 
9.b4 Nh5 10.c5 Nf4 11.Bxf4 exf4 12.Rc1 1/2-1/2

[Event "21st Capablanca Memorial group B"]
[Site "Havana CUB"]
[Date "1986.06.01"]
[Round "10"]
[White "Pecorelli Garcia, Humberto"]
[Black "Lukacs, Peter"]
[Result "0-1"]
[WhiteElo "2420"]
[BlackElo "2460"]
[EventDate "1986.05.20"]
[PlyCount "45"]

1.d4 Nf6 2.Nf3 d5 3.e3 c5 4.Bd3 Nc6 5.c3 Bg4 6.Nbd2 e6 7.Qa4 c4 8.Bb1 a6 
9.e4 Bxf3 10.gxf3 Be7 11.e5 Nh5 12.Nf1 Bg5 13.Ne3 f6 14.exf6 Qxf6 15.Rg1 
Bf4 16.Qd1 O-O-O 17.b3 e5 18.bxc4 exd4 19.Nxd5 Qe5+ 20.Kf1 dxc3 21.Be4 
Bxc1 22.Qxc1 Nf6 23.Qxc3 0-1

[Event "21st Capablanca Memorial group B"]
[Site "Havana CUB"]
[Date "1986.06.01"]
[Round "10"]
[White "Vera Gonzalez, Reynaldo"]
[Black "Pinal Borges, Nelson"]
[Result "1/2-1/2"]
[WhiteElo "2455"]
[BlackElo "2390"]
[EventDate "1986.05.20"]
[PlyCount "24"]

1.d4 Nf6 2.c4 g6 3.Nc3 Bg7 4.e4 d6 5.f4 O-O 6.Nf3 c5 7.d5 e6 8.Be2 exd5 9.
e5 Ne8 10.cxd5 Nd7 11.Kf2 dxe5 12.d6 Qb6 1/2-1/2

[Event "21st Capablanca Memorial group B"]
[Site "Havana CUB"]
[Date "1986.06.02"]
[Round "11"]
[White "Garcia, Gildardo"]
[Black "Moran Nuque, Bernardo"]
[Result "1-0"]
[WhiteElo "2400"]
[BlackElo "2420"]
[EventDate "1986.05.20"]
[PlyCount "49"]

1.e4 e6 2.d4 d5 3.Nc3 Bb4 4.e5 Ne7 5.Bd2 O-O 6.Nf3 b6 7.Bd3 h6 8.O-O c5 9.
Re1 Ba6 10.Bxa6 Nxa6 11.Ne2 Bxd2 12.Qxd2 Qd7 13.Nf4 Rfc8 14.Nh5 Qb5 15.c3 
Ng6 16.h3 Qc4 17.b3 Qb5 18.Rac1 Rc7 19.c4 dxc4 20.d5 exd5 21.Qxd5 Re8 22.
e6 Nb4 23.Qf5 Nf8 24.Nd4 Qa6 25.Qe5 1-0

[Event "21st Capablanca Memorial group B"]
[Site "Havana CUB"]
[Date "1986.06.02"]
[Round "11"]
[White "Garcia Martinez, Silvino"]
[Black "Pecorelli Garcia, Humberto"]
[Result "1/2-1/2"]
[WhiteElo "2455"]
[BlackElo "2420"]
[EventDate "1986.05.20"]
[PlyCount "24"]

1.Nf3 Nf6 2.c4 g6 3.Nc3 Bg7 4.e4 d6 5.d4 O-O 6.Be2 e5 7.Be3 Nbd7 8.Qc2 Ng4
9.Bg5 f6 10.Bd2 Nh6 11.Rd1 Nf7 12.O-O c6 1/2-1/2

[Event "21st Capablanca Memorial group B"]
[Site "Havana CUB"]
[Date "1986.06.02"]
[Round "11"]
[White "Lukacs, Peter"]
[Black "Hernandez Onna, Roman"]
[Result "1/2-1/2"]
[WhiteElo "2460"]
[BlackElo "2430"]
[EventDate "1986.05.20"]
[PlyCount "63"]

1.d4 Nf6 2.c4 e6 3.Nf3 Bb4+ 4.Bd2 Qe7 5.g3 O-O 6.Bg2 Bxd2+ 7.Qxd2 d6 8.Nc3
Re8 9.O-O e5 10.e4 Bg4 11.Nh4 Nc6 12.h3 Bd7 13.Nb5 Rec8 14.d5 Nd8 15.Nc3 
g6 16.f4 Nh5 17.Qf2 f6 18.f5 g5 19.Nf3 a5 20.Ne1 Nf7 21.Nd3 b6 22.Kh2 Ng7 
23.b3 Qe8 24.a3 h5 25.Ra2 Ra7 26.Rfa1 Rca8 27.Bf1 Kf8 28.Rc1 Ke7 29.Rac2 
Qb8 30.Be2 Be8 31.Qe3 Bd7 32.Nf2 1/2-1/2

[Event "21st Capablanca Memorial group B"]
[Site "Havana CUB"]
[Date "1986.06.02"]
[Round "11"]
[White "Pigusov, Evgeny"]
[Black "Vilela de Acuna, Jose Luis"]
[Result "1-0"]
[WhiteElo "2495"]
[BlackElo "2410"]
[EventDate "1986.05.20"]
[PlyCount "91"]

1.Nf3 Nf6 2.c4 e6 3.g3 d5 4.Bg2 dxc4 5.Qa4+ Nbd7 6.Qxc4 c5 7.Qb3 Rb8 8.d3 
Bd6 9.Nfd2 Bc7 10.a4 b6 11.Nc4 O-O 12.O-O a6 13.Nba3 Nd5 14.Bd2 Bb7 15.Nc2
Ne7 16.Bxb7 Rxb7 17.Bc3 Nc6 18.Rfd1 Qe7 19.d4 Rfb8 20.N4e3 cxd4 21.Nxd4 
Nxd4 22.Rxd4 Nf6 23.Rh4 h6 24.Qc2 b5 25.Rd1 b4 26.Bxf6 Qxf6 27.b3 Bb6 28.
Rf4 Qe7 29.Nc4 Bc5 30.Rf3 Rd8 31.Rfd3 Rbd7 32.Ne5 Rxd3 33.Rxd3 Rxd3 34.
Nxd3 Bd6 35.Qc6 a5 36.Qa8+ Kh7 37.Qxa5 e5 38.Qd5 e4 39.Nb2 Bc5 40.Nc4 e3 
41.Nxe3 Bxe3 42.Qd3+ g6 43.Qxe3 Qb7 44.Qd4 h5 45.h4 Kg8 46.e3 1-0

[Event "21st Capablanca Memorial group B"]
[Site "Havana CUB"]
[Date "1986.06.02"]
[Round "11"]
[White "Pinal Borges, Nelson"]
[Black "Bellon Lopez, Juan Manuel"]
[Result "1/2-1/2"]
[WhiteElo "2390"]
[BlackElo "2430"]
[EventDate "1986.05.20"]
[PlyCount "27"]

1.e4 d5 2.exd5 Qxd5 3.Nc3 Qa5 4.d4 Nf6 5.Nf3 Bf5 6.Ne5 c6 7.g4 Be6 8.Bd2 
Nbd7 9.Nxd7 Nxd7 10.Bg2 Qc7 11.f4 Nb6 12.f5 Bd5 13.Bxd5 cxd5 14.O-O 
1/2-1/2

[Event "21st Capablanca Memorial group B"]
[Site "Havana CUB"]
[Date "1986.06.02"]
[Round "11"]
[White "Verduga Zavala, Denis Homero"]
[Black "Vera Gonzalez, Reynaldo"]
[Result "1/2-1/2"]
[WhiteElo "2425"]
[BlackElo "2455"]
[EventDate "1986.05.20"]
[PlyCount "54"]

1.c4 e6 2.Nc3 d5 3.d4 c6 4.e4 dxe4 5.Nxe4 Bb4+ 6.Bd2 Qxd4 7.Bxb4 Qxe4+ 8.
Be2 Na6 9.Bd6 b6 10.Nf3 Bb7 11.O-O O-O-O 12.Ne5 Qf5 13.Bg4 Qf6 14.Bf3 Ne7 
15.Bxe7 Qxe7 16.Qa4 Qc7 17.Nxc6 Bxc6 18.Qxa6+ Kb8 19.Bxc6 Qxc6 20.Rac1 Rc8
21.Rc3 Rhd8 22.h3 Rd2 23.Qa3 Qd6 24.b4 Rd1 25.Qb3 Rxf1+ 26.Kxf1 Rd8 27.a3 
Qd1+ 1/2-1/2

[Event "21st Capablanca Memorial group B"]
[Site "Havana CUB"]
[Date "1986.06.03"]
[Round "12"]
[White "Bellon Lopez, Juan Manuel"]
[Black "Verduga Zavala, Denis Homero"]
[Result "0-1"]
[WhiteElo "2430"]
[BlackElo "2425"]
[EventDate "1986.05.20"]
[PlyCount "99"]

1.e4 c5 2.Nf3 d6 3.d4 cxd4 4.Nxd4 Nf6 5.Nc3 a6 6.Bc4 b5 7.Bb3 e6 8.O-O Be7
9.Qf3 Qc7 10.Qg3 b4 11.Nce2 g6 12.f3 e5 13.Ba4+ Bd7 14.Bxd7+ Nbxd7 15.Nb3 
Qxc2 16.Qe1 O-O 17.Rf2 a5 18.Bh6 Rfc8 19.Nc3 Qd3 20.Rd2 Qa6 21.Nd5 Nxd5 
22.Rxd5 a4 23.Nc1 Rab8 24.Qd2 Nf6 25.Rd3 a3 26.Rb3 d5 27.Nd3 dxe4 28.Nxe5 
Qe6 29.f4 Bc5+ 30.Kh1 Rd8 31.Qe2 axb2 32.Rxb2 Bd4 33.Rf1 Bxb2 34.Qxb2 b3 
35.axb3 Qxb3 36.Qa1 Ra8 37.Qe1 Re8 38.h3 Ra2 39.Kh2 Qc2 40.Rg1 Qd2 41.Qb1 
Rxe5 42.fxe5 Ng4+ 43.Kh1 Nxh6 44.e6 fxe6 45.Qb8+ Kf7 46.Qc7+ Kf6 47.Qxh7 
Nf5 48.Qh8+ Kg5 49.Qe5 Qf4 50.h4+ 0-1

[Event "21st Capablanca Memorial group B"]
[Site "Havana CUB"]
[Date "1986.06.03"]
[Round "12"]
[White "Garcia, Gildardo"]
[Black "Pinal Borges, Nelson"]
[Result "0-1"]
[WhiteElo "2400"]
[BlackElo "2390"]
[EventDate "1986.05.20"]
[PlyCount "77"]

1.e4 c5 2.Nf3 Nc6 3.d4 cxd4 4.Nxd4 g6 5.Nc3 Bg7 6.Be3 Nf6 7.Be2 O-O 8.Nb3 
d6 9.O-O a5 10.a4 Be6 11.f4 Bxb3 12.cxb3 e6 13.Bf3 Qe7 14.Re1 Nb4 15.Rc1 
Rfc8 16.Qd2 Rc6 17.e5 Nfd5 18.Bxd5 exd5 19.Nxd5 Nxd5 20.Qxd5 Rxc1 21.Bxc1 
dxe5 22.fxe5 Qd8 23.Qd6 Qh4 24.g3 Qg4 25.e6 fxe6 26.Qxe6+ Qxe6 27.Rxe6 Rd8
28.Kg2 Rd1 29.Bg5 h6 30.Bf4 g5 31.Be5 Re1 32.Bxg7 Rxe6 33.Bc3 Re2+ 34.Kf3 
Rxh2 35.Ke4 Kf7 36.Kd5 Rg2 37.Be5 h5 38.Kc5 Ke6 39.Bb8 0-1